LEADER 04065nam 22006971 450 001 9910461672003321 005 20211005223315.0 010 $a1-84731-871-1 010 $a1-4742-0074-5 010 $a1-280-37811-5 010 $a9786613556028 010 $a1-84731-851-7 024 7 $a10.5040/9781474200745 035 $a(CKB)2670000000174317 035 $a(EBL)888725 035 $a(OCoLC)792684581 035 $a(SSID)ssj0000639856 035 $a(PQKBManifestationID)12207489 035 $a(PQKBTitleCode)TC0000639856 035 $a(PQKBWorkID)10611441 035 $a(PQKB)10666210 035 $a(MiAaPQ)EBC1773012 035 $a(OCoLC)794490749 035 $a(UkLoBP)bpp09258136 035 $a(MiAaPQ)EBC888725 035 $a(MiAaPQ)EBC6164393 035 $a(Au-PeEL)EBL888725 035 $a(EXLCZ)992670000000174317 100 $a20150227d2011 uy 0 101 0 $aeng 135 $aur|n|---||||| 181 $ctxt 182 $cc 183 $acr 200 14$aThe political economy of corporation tax $etheory, values and law reform /$fJohn Snape 205 $a1st ed. 210 1$aOxford ;$aPortland, Oregon :$cHart Publishing,$d2011. 215 $a1 online resource (291 p.) 300 $aDescription based upon print version of record. 311 $a1-84946-028-0 320 $aIncludes bibliographical references (pages [225]-254) and index. 327 $aA theory of corporate tax reform -- The reformers -- The process of reform -- The evolving corporation tax base. 330 $a"Excellent technical writing on corporation tax abounds, but it tends to be inaccessible to public lawyers, political theorists and political economists. Although recent years have seen not only an explosion in public law scholarship but also a reawakening of interest in interpretative political theory and political economy, the potential of these perspectives to illuminate the corporation tax debate has remained unexplored. In this important work, John Snape seeks to reconcile these disparate strands of scholarship and to contribute to a new way of understanding and conceptualising the reform of the law relating to corporate taxation. Drawing on important developments in public law scholarship, the study combines elements of political theory and political economy. It advances a new interpretation of corporation tax law as an instrument of rule, through the maximisation of a nation's economic potential. Snape shows how corporate taxation belongs at the centre of any discussion of economic globalisation, not only because of the potential of national tax systems to influence inward investment decisions but also because of the potential of those decisions to shape the public interest that those tax systems might embody. Following public law and politics models, the book looks afresh at the impact of Britain's political institutions, of the processes of its representative government and of the theory that moulds and orders the values that the corporation tax code contains. This is a timely exploration of cutting-edge issues of public policy."--Provided by publisher. 606 $aCorporations$xTaxation$xLaw and legislation$xPolitical aspects$zGreat Britain 606 $aCorporations$xTaxation$xLaw and legislation$xEconomic aspects$zGreat Britain 606 $aTaxation$xLaw and legislation$xPolitical aspects$zGreat Britain 606 $aTaxation$xLaw and legislation$xEconomic aspects$zGreat Britain 608 $aElectronic books. 615 0$aCorporations$xTaxation$xLaw and legislation$xPolitical aspects 615 0$aCorporations$xTaxation$xLaw and legislation$xEconomic aspects 615 0$aTaxation$xLaw and legislation$xPolitical aspects 615 0$aTaxation$xLaw and legislation$xEconomic aspects 676 $a343.067 700 $aSnape$b John$01055222 801 0$bUtOrBLW 801 1$bUtOrBLW 801 2$bUkLoBP 906 $aBOOK 912 $a9910461672003321 996 $aThe political economy of corporation tax$92488478 997 $aUNINA LEADER 02215nam 2200445 450 001 9910317583803321 005 20231013172858.0 010 $a953-51-5307-2 035 $a(CKB)4970000000098246 035 $a(NjHacI)994970000000098246 035 $a(oapen)https://directory.doabooks.org/handle/20.500.12854/66157 035 $a(EXLCZ)994970000000098246 100 $a20221017d2012 uy 0 101 0 $aeng 135 $aur||||||||||| 181 $ctxt$2rdacontent 182 $cc$2rdamedia 183 $acr$2rdacarrier 200 00$aAir Quality $eNew Perspective /$fedited by Michael Schorr, Benjamin Valdez, and Gustavo Lopez 210 $cIntechOpen$d2012 210 1$aLondon, England :$cIntechOpen,$d2012. 215 $a1 online resource (340 pages) $cillustrations 311 $a953-51-0674-0 320 $aIncludes bibliographical references. 330 $aThis book contains 15 chapters reporting air pollution of interest to experts in academia and industrial plants dealing with the environmental issues. These chapters emphasize the problems of air pollution involving the human sector as an essential part in the control of air pollutants. The book contains an analysis of various geographic regions and evaluation of different activities related to these areas. Descriptive analyzes present the generation of air pollution and its effect on society and materials evaluations. The major sources of emission of pollutants and the damage that they originate in the towns and industrial plants are reported. This volume provides methods and tools for assessment according to each location. Other important aspects are the activities of governmental authorities, the academic and sectors for solving the environment problem. 517 $aAir quality 606 $aAir quality 610 $aPollution & threats to the environment 615 0$aAir quality. 676 $a363.7392 700 $aLopez Badilla$b Gustavo$4edt$01430697 702 $aSchorr$b Michael 702 $aValdez$b Benjamin 702 $aLopez$b Gustavo 801 0$bNjHacI 801 1$bNjHacl 906 $aBOOK 912 $a9910317583803321 996 $aAir Quality$93570527 997 $aUNINA LEADER 01845nam 2200577Ia 450 001 9910789822903321 005 20230207214218.0 010 $a0-8014-5838-2 035 $a(CKB)2670000000080985 035 $a(OCoLC)726824229 035 $a(CaPaEBR)ebrary10457591 035 $a(SSID)ssj0000485842 035 $a(PQKBManifestationID)11325633 035 $a(PQKBTitleCode)TC0000485842 035 $a(PQKBWorkID)10423711 035 $a(PQKB)10597755 035 $a(MiAaPQ)EBC3137970 035 $a(MdBmJHUP)muse28713 035 $a(Au-PeEL)EBL3137970 035 $a(CaPaEBR)ebr10457591 035 $a(EXLCZ)992670000000080985 100 $a20090220d2009 uy 0 101 0 $aeng 135 $aurcn||||||||| 181 $ctxt 182 $cc 183 $acr 200 10$aMeeting the demands of reason$b[electronic resource] $ethe life and thought of Andrei Sakharov /$fJay Bergman 210 $aIthaca $cCornell University Press$d2009 215 $a1 online resource (480 p.) 300 $aBibliographic Level Mode of Issuance: Monograph 311 $a0-8014-4731-3 320 $aIncludes bibliographical references (p. 413-444) and index. 606 $aDissenters$zSoviet Union$vBiography 606 $aPhysicists$zSoviet Union$vBiography 606 $aPolitical prisoners$zSoviet Union$vBiography 606 $aHuman rights workers$zSoviet Union$vBiography 607 $aSoviet Union$xPolitics and government$y1953-1985 615 0$aDissenters 615 0$aPhysicists 615 0$aPolitical prisoners 615 0$aHuman rights workers 676 $a947.084092 700 $aBergman$b Jay$01472004 801 0$bMiAaPQ 801 1$bMiAaPQ 801 2$bMiAaPQ 906 $aBOOK 912 $a9910789822903321 996 $aMeeting the demands of reason$93684585 997 $aUNINA